书目信息 |
| 题名: |
白话说苑
|
|
| 作者: | 刘向著 ;钱宗武 译 | |
| 分册: | ||
| 出版信息: | 长沙 岳麓书社 1994 |
|
| 页数: | 531页 | |
| 开本: | 20cm | |
| 丛书名: | ||
| 单 册: | ||
| 中图分类: | K220.66 | |
| 科图分类: | ||
| 主题词: | 中国--古代史--奴隶社会 | |
| 电子资源: | ||
| ISBN: | 7-80520-442-X | |
| 000 | 00592nam0 2200205 450 | |
| 001 | 0839735553 | |
| 005 | 20081104110405.89 | |
| 010 | @a7-80520-442-X@dCNY14.80 | |
| 100 | @a20081104d1994 km y0chiy0120 ea | |
| 101 | 0 | @achi |
| 102 | @aCN@b430000 | |
| 200 | 1 | @a白话说苑@Abai hua shuo yuan@f(汉) 刘向著 ; 钱宗武译@F(han)liu xiang zhu;qian zong wu yi |
| 210 | @a长沙@c岳麓书社@d1994 | |
| 215 | @a531页@d20cm | |
| 606 | 0 | @a中国@x古代史@x奴隶社会 |
| 690 | @aK220.66@v4 | |
| 701 | 0 | @a刘向著@Aliu xiang zhu |
| 702 | 0 | @a钱宗武@Aqian zong wu@4译 |
| 801 | 0 | @aCN@c20081104 |
| 905 | @dK220.66@eL690 | |
| 白话说苑/(汉) 刘向著 ; 钱宗武译.-长沙:岳麓书社,1994 |
| 531页;20cm |
| ISBN 7-80520-442-X:CNY14.80 |
| ● |
| 相关链接 |
|
|
|
正题名:白话说苑
索取号:K220.66/L690
 
预约/预借
| 序号 | 登录号 | 条形码 | 馆藏地/架位号 | 状态 | 备注 |
| 1 | 460592 | 204605926 | 社科库309/309社科库 32排4列3层/ [索取号:K220.66/L690] | 在馆 |